00632nam a2200157 a 450000100100000000500170001000800410002704000250006810000290009324501270012226000530024930000410030204900090034395201050035299900170045700002620620200930024407.0110304s1991 dr 000 0 spa d aDO-SdBNPbspacBNPHU1 aValencia, Eugenio95321710aMemorias y album de los primeros años de la iglesia adventista del 7mo en la República Dominicana /cEugenio Valencia. aSanto Domingo :bPublicaciones América,c1991. a72, [24] p. :bil., retrs. ;c21 cm. aBNPD 0010718PDaPDbPDcCTd2011-03-04iLF1l0o p26206-10r2020-06-25w2020-06-25yLFPDZNo se presta c25698d25698